| 000 | 00449nam a22001817a 4500 | ||
|---|---|---|---|
| 005 | 20180209130337.0 | ||
| 008 | 160428b xxu||||| |||| 00| 0 eng d | ||
| 020 | _a0-07-047276-9 | ||
| 041 | _aeng | ||
| 082 |
_b00669 _a006.78 |
||
| 100 |
_aVaughan, Tay _9184 |
||
| 245 | _aMultimedia Making it work | ||
| 250 | _a5TH ED. | ||
| 260 |
_aNew Delhi _bTata MC Graw Hill, _c2003 |
||
| 300 | _a525 | ||
| 650 |
_aInformation Technology _9137 |
||
| 942 | _cBK | ||
| 999 |
_c192 _d192 |
||